000 00273nam a2200121Ia 4500
008 220204s9999 xx 000 0 und d
082 _a634.773
_bMAD
100 _aMADHAVA RAO, V N
245 0 _aBanana
260 _aNew Delhi
_bICAR
_c1984
650 _aBanana
942 _cBK
999 _c39105
_d39105